Dopravné staviteľstvo /

Hlavní autor: Bartošová, Ľudmila, 1948-
Korporativní autor: Slovenská technická univerzita (Bratislava, Slovensko)
Další autoři: Bačová, Katarína, 1948-, Kapusta, Vladimír
Jazyk: Slovenština
Vydáno: Bratislava : Nakladateľstvo STU, 2010
Vydání: 1. vyd.
Edice: Edícia skrípt
Témata:
Fyzický popis: 228 s. : il. ; 29 cm
Knihy
Uloženo v:
LEADER 01454nam a2200373 a 4500
001 001127573
003 CZ BrMZK
005 20101208100356.0
007 ta
008 101112s2010 xo a e p 000 0 slo
020 |a 978-80-227-3359-5  |q (brož.) 
040 |a BOA001  |b cze 
072 7 |a 625  |x Pozemní komunikace. Železniční stavitelství  |2 Konspekt  |9 19 
072 7 |a 37.016  |x Učební osnovy. Vyučovací předměty. Učebnice  |2 Konspekt  |9 22 
080 |a 625  |2 MRF 
080 |a (075.8)  |2 MRF 
100 1 |a Bartošová, Ľudmila,  |d 1948-  |7 mzk2004243697  |4 aut 
245 1 0 |a Dopravné staviteľstvo /  |c Ľudmila Bartošová, Katarína Bačová, Vladimír Kapusta 
250 |a 1. vyd. 
260 |a Bratislava :  |b Nakladateľstvo STU,  |c 2010 
300 |a 228 s. :  |b il. ;  |c 29 cm 
490 1 |a Edícia skrípt 
504 |a Obsahuje bibliografii 
550 |a Vydavatel: Slovenská technická univerzita v Bratislave 
650 0 7 |a dopravní stavby  |7 ph119575  |2 czenas 
655 7 |a učebnice vysokých škol  |7 fd133772  |2 czenas 
700 1 |a Bačová, Katarína,  |d 1948-  |7 jo2002103568  |4 aut 
700 1 |a Kapusta, Vladimír  |7 mzk2010612067  |4 aut 
710 2 |a Slovenská technická univerzita (Bratislava, Slovensko)  |7 kn20010724767 
830 0 |a Edícia skrípt 
910 2 |a BOA001  |b 4-1252.771 
990 |a BK 
991 |b 201012  |c NOV  |e n  |j 625 BAR 
996 7 |b 2610453509  |c 4-1252.771  |l MZK  |r Sklad / do 1 hodiny  |n 2  |p vým  |w 001156832  |u 000010  |a 1  |e BOA001  |j MZK50  |s A